| 000 | 00516nam a22002057a 4500 | ||
|---|---|---|---|
| 001 | 21572 | ||
| 005 | 20260318095216.0 | ||
| 008 | 260318b |||||||| |||| 00| 0 spa d | ||
| 041 | _aESP | ||
| 082 |
_a621.317 _bB18 |
||
| 100 | _aBallester, Eduard | ||
| 245 |
_aElectrónica de potencia : _bprincipios fundamentales y estructuras básicas |
||
| 260 |
_a : _b , _c2016 |
||
| 300 |
_a661 páginas : _b ; _c23 cm. |
||
| 440 | _a ; | ||
| 650 | _aTCA | ||
| 654 | _aCET | ||
| 700 | _a; | ||
| 942 |
_cLIB _dJUS _fJUS _2ddc |
||
| 999 |
_c21572 _d21572 |
||